Kontrola wewnetrzna w przedsiebiorstwie

Na minha lista:
Detalhes bibliográficos
Autor principal: Klimas, Mieczyslaw
Formato: Livro
Idioma:polonês
Publicado em: Warszawa Wydawnictwo Ekon. 1981
Edição:3. zmien. wyd.
Tags: Adicionar Tag
Sem tags, seja o primeiro a adicionar uma tag!

MARC

LEADER 00000nam a2200000 4500
001 c137849
005 20041019155311.2
041 0 |a pol 
044 |a PL 
245 1 0 |a Kontrola wewnetrzna w przedsiebiorstwie  |c Mieczyslaw Klimas 
250 |a 3. zmien. wyd. 
264 1 |a Warszawa  |b Wydawnictwo Ekon.  |c 1981 
300 |a 379 s. 
100 1 |a Klimas, Mieczyslaw